Совершенствование экологического образования и воспитания студентов в свете задач, выдвинутых XXVI съездом КПСС в области природопользования и охраны окружающей среды (Запись № 5651396)

Подробности
000 -МАРКЕР
контрольное поле 01726nam0a22003011 4500
001 - ИДЕНТИФИКАТОР ЗАПИСИ
контрольное поле rc\971012
005 - ИДЕНТИФИКАТОР ВЕРСИИ
контрольное поле 20260407120312.0
021 ## - НОМЕР ГОСУДАРСТВЕННОЙ РЕГИСТРАЦИИ
Код страны Российская Федерация
Номер 83-ОКЭ-214/18
-- Рг 4620-83
035 ## - ДРУГИЕ СИСТЕМНЫЕ НОМЕРА
Идентификатор записи (NLR Aleph) 006139976
100 ## - ДАННЫЕ ОБЩЕЙ ОБРАБОТКИ
Данные общей обработки 20041129d1982 |||y0rusy50 ca
101 0# - ЯЗЫК РЕСУРСА
Язык текста, звукозаписи и т.д. русский
102 ## - СТРАНА ПУБЛИКАЦИИ ИЛИ ПРОИЗВОДСТВА
Страна публикации Российская Федерация
105 ## - ПОЛЕ КОДИРОВАННЫХ ДАННЫХ: ТЕКСТОВЫЕ МАТЕРИАЛЫ, МОНОГРАФИЧЕСКИЕ
Кодированные данные о монографическом текстовом документе y zj|||||||
200 1# - ЗАГЛАВИЕ И СВЕДЕНИЯ ОБ ОТВЕТСТВЕННОСТИ
Основное заглавие Совершенствование экологического образования и воспитания студентов в свете задач, выдвинутых XXVI съездом КПСС в области природопользования и охраны окружающей среды
Сведения, относящиеся к заглавию методические рекомендации для преподавателей
Первые сведения об ответственности Р.О. Карапетян, А.М. Галеева
Последующие сведения об ответственности М-во высш. и сред. спец. образования СССР, Моск. ин-т нефтехим. и газовой пром-сти им. И.М. Губкина
210 ## - ПУБЛИКАЦИЯ, РАСПРОСТРАНЕНИЕ И ДР.
Место издания, распространения и т.д. Москва
Дата издания, распространения и т.д. 1982
215 ## - ФИЗИЧЕСКАЯ ХАРАКТЕРИСТИКА
Специфическое обозначение материала и объем [1], 34 с.
Размеры 20
606 1# - НАИМЕНОВАНИЕ ТЕМЫ КАК ПРЕДМЕТ
Наименование темы Экологическое воспитание
Формальный подзаголовок Документы и материалы
Системный номер авторитетной/нормативной записи 1374312
Идентификатор авторитетной/нормативной записи RU\NLR\AUTH\66576096
686 0# - ИНДЕКСЫ ДРУГИХ КЛАССИФИКАЦИЙ
Индекс Ч313.522.7я7
Код системы
700 #1 - ИМЯ ЛИЦА - ПЕРВИЧНАЯ ОТВЕТСТВЕННОСТЬ
Начальный элемент ввода Карапетян
Часть имени, кроме начального элемента ввода Р. О.
Расширение инициалов личного имени Роберт Оганович
701 #1 - ИМЯ ЛИЦА - АЛЬТЕРНАТИВНАЯ ОТВЕТСТВЕННОСТЬ
Начальный элемент ввода Галеева
Часть имени, кроме начального элемента ввода А. М.
Расширение инициалов личного имени Ариадна Михайловна
712 02 - НАИМЕНОВАНИЕ ОРГАНИЗАЦИИ - ВТОРИЧНАЯ ОТВЕТСТВЕННОСТЬ
Код отношения Издатель
Начальный элемент ввода Московский институт нефтехимической и газовой промышленности им. И. М. Губкина
Идентификатор авторитетной/нормативной записи RU\NLR\AUTH\889951490
Системный номер авторитетной/нормативной записи 398936
801 #0 - ИСТОЧНИК ЗАПИСИ
Страна Российская Федерация
Организация NLR
Правила каталогизации psbo
801 #1 - ИСТОЧНИК ЗАПИСИ
Страна Российская Федерация
Организация ELAR
Источник данных rusmarc
801 #2 - ИСТОЧНИК ЗАПИСИ
Страна Российская Федерация
Организация NLR
Дата составления 20190408
Источник данных rusmarc
852 ## - МЕСТОНАХОЖДЕНИЕ И ШИФР ХРАНЕНИЯ
Идентификатор организации NLR
Шифр хранения (Call Number) 83-4/9268
942 ## - ДОПОЛНИТЕЛЬНЫЕ ЭЛЕМЕНТЫ ЗАПИСИ (АБИС)
Тип экземпляра АБИС Книга
980 ## - КОЛЛЕКЦИЯ
Название коллекции Национальная библиография
Экземпляры
Тип экземпляра Дата поступления Библиотека постоянного хранения Библиотека текущего хранения Место хранения Шифр хранения Штрих-код Статус экземпляра
Книга 26.10.2013 РНБ (Московский) РНБ (Московский) Русский книжный фонд: издания с 1957 года 83-4/9268 6139976-10